| 000 | 01244nam a2200301 a 4500 | ||
|---|---|---|---|
| 001 | BRCA_3122 | ||
| 005 | 20190320204125.0 | ||
| 008 | 290109s1854----fr-#---###---#000-0#fre-u | ||
| 041 | _afre | ||
| 044 | _afr | ||
| 084 |
_a427 _b.D538 _c1854 |
||
| 100 | 1 |
_aCervantes Saavedra, Miguel de _d1547-1616 _9213 |
|
| 245 | 1 | 0 |
_aDon Quichotte de la Manche _cMiguel de Cervantes Saavedra ; Traduite par Floria. |
| 260 |
_aParís _bPierre y Derville Didot _c1854 |
||
| 300 |
_a498 p. _c18 cm. |
||
| 500 | _aContenido : Primera parte. Advertencia del editor. Advertencia del traductor. Prólogo del autor. Texto. Segunda parte. Prefacio del traductor. Prólogo del autor. Texto | ||
| 500 | _aEdición económica de la traducción de Florian, impresa con tipos pequeños Lúdovik Osterc | ||
| 500 | _aQM8(?) | ||
| 546 | _aTexto en : francés | ||
| 650 | 1 | 4 |
_aNovela española _yÉpoca clásica, 1500-1700 _9215 |
| 650 | 1 | 4 |
_aLiteratura española _yÉpoca clásica, 1500-1700 _9216 |
| 650 | 1 | 4 |
_aNovela española _ySiglo XVII _9217 |
| 650 | 1 | 4 |
_aDon Quijote (Personaje ficticio) _eNovela _9218 |
| 700 | 1 |
_aFlorian, Jean-Pierre Claris de _d1755-1794 _98480 |
|
| 740 | 0 | _aEl Ingenioso Hidalgo Don Quijote de la Mancha | |
| 902 | _aQFM | ||
| 942 |
_2lcc _cB |
||
| 999 |
_c2858 _d2858 |
||